Statistics for Fill in the Chess Board

Click here to take the quiz!

General Stats

  • This quiz has been taken 44 times
  • The average score is 29 of 31

Answer Stats

Answer% Correct
King
100%
Queen
100%
Knight
98%
Rook
98%
Bishop
95%
Bishop
95%
Knight
95%
Pawn
95%
Pawn
95%
Pawn
95%
Rook
95%
King
93%
Knight
93%
Pawn
93%
Pawn
93%
Pawn
93%
Pawn
93%
Pawn
93%
Queen
93%
Rook
93%
Bishop
90%
Knight
90%
Pawn
90%
Pawn
90%
Pawn
90%
Pawn
90%
Pawn
90%
Pawn
90%
Pawn
90%
Rook
90%
Bishop
88%

Score Distribution

Percentile by Number Answered

Percent of People with Each Score

Your Score History

You have not taken this quiz